| 000 | 01140nac a22002291u 4500 | ||
|---|---|---|---|
| 008 | 100905t xxu||||| |||| 00| 0 eng d | ||
| 010 | _a 2002045540 | ||
| 020 | _a0072818778 | ||
| 082 | 0 | 0 |
_a624.068 _bSCH |
| 100 |
_aSchexnayder, Cliff J. _918017 |
||
| 245 | 1 | 0 |
_aConstruction management fundamentals / _cClifford J. Schexnayder, Richard E. Mayo. |
| 260 |
_aBoston, Mass. :2004. _bMcGraw-Hill Higher Education, _cc2004. |
||
| 300 |
_axx, 625 p. : _bill. ; _c24 cm. |
||
| 490 |
_918016 _aMcGraw-Hill Series in Civil Engineering |
||
| 504 | _aIncludes bibliographical references and index. | ||
| 650 | 0 |
_aConstruction industry _xManagement. _918018 |
|
| 700 | 1 |
_aMayo, Richard E., _d1940-2002. _918019 |
|
| 856 | 4 | 2 |
_3Publisher description _uhttp://www.loc.gov/catdir/enhancements/fy0668/2002045540-d.html |
| 856 | 4 | 2 |
_3Table of contents only _uhttp://www.loc.gov/catdir/enhancements/fy0668/2002045540-t.html |
| 942 |
_cBB _k624.068SCH _2ddc |
||
| 999 |
_c2867 _d2867 |
||